000 00490nam a2200193Ia 4500
005 20250326141327.0
008 250326s9999 xx 000 0 und d
037 _aTextbook
040 _aFMSL
_beng
_cFMSL
041 _aeng
_2eng
084 _qFMSL
100 _aKenen PB
_9744187
245 0 _aInternational economy
_cKenen PB
250 _a3rd
260 _aNew York
_bNew York, Cambridge University Press
_c1994
300 _a630p
942 _cTB
999 _c1289789
_d1289789